| 000 | 00000nam##2200000za#4500 |
| 001 | 9.682948 |
| 003 | CaOODSP |
| 005 | 20250206125413 |
| 007 | ta |
| 008 | 150407|2005||||xxc||||| f|0| 0 fre|d |
| 020 | |a0-662-74685-6 |
| 040 | |aCaOODSP|bfre |
| 043 | |an-cn--- |
| 086 | 1 |aA104-13/2005F |
| 110 | 2 |aAgence canadienne d'inspection des aliments. |
| 245 | 10|aAnimaux de compagnie et zoos pour enfants : |bconseils pour prévenir les infections |
| 260 | |aOttawa - Ontario : |bAgence canadienne d'inspection des aliments |c2005. |
| 300 | |a1 feuille pliée. : |bill. ; |c22 cm. |
| 563 | |aDépliant |
| 691 | 07|aAnimal domestique|2gcpds |
| 775 | 08|tPets and petting zoos : |w(CaOODSP)9.649798 |
| 776 | 0#|tAnimaux de compagnie et zoos pour enfants : |w(CaOODSP)9.634383 |
| 986 | |aP0233F-05/06 |